| 000 | 02173nam a2200325 i 4500 | ||
|---|---|---|---|
| 005 | 20210818182209.0 | ||
| 008 | 111207s2008 sp a br 000 j spa d | ||
| 020 | _a9788498710755 | ||
| 040 |
_aCOMFC _bspa _erda |
||
| 041 | 0 | _aspa | |
| 100 | 1 |
_aCampanari, José _d1959- _eaut |
|
| 245 | 1 | 0 |
_aErnesto buenos días _cJosé Campanari ; ilustraciones de João Vaz de Carvalho |
| 250 | _aPrimera edición | ||
| 264 | 0 | 1 |
_aPontevedra, España _bOQO _c2008 |
| 300 |
_a32 páginas sin numerar _bilustraciones en color _c24 cm |
||
| 336 |
_atxt _btxt _2rdacontent |
||
| 337 |
_an _bn _2rdamedia |
||
| 338 |
_anc _bnc _2rdacarrier |
||
| 490 |
_aColección Q _953789 |
||
| 520 | 3 | _a"Aquel domingo, Ernesto estaba invitado a merendar en casa de su novia Henriqueta. La cita era a las seis, ni un minuto antes, ni un minuto después. Ernesto salió de casa en una tarde soleada, mientras Henriqueta, la hermana, la madre, el padre y la abuela preparaban la merienda. Se levantó una brisa, cayeron cuatro gotas, llovió e hizo viento... mientras, la familia de la novia, inquieta, no dejaba de mirar el reloj porque Ernesto no llegaba. Contenido y lenguaje accesibles para los primeros lectores, y además unas ilustraciones muy expresivas, en complicidad perfecta con la narración. Imágenes concebidas para que no perdamos de vista lo que sucede en los dos ambientes en que se desenvuelve la historia: la calle y el interior de la casa de Henriqueta. Una divertida historia en la que el protagonista, siguiendo la máxima del abuelo al mal tiempo buena cara, no pierde el ánimo ni en los momentos más críticos; un comportamiento que induce a pensar que hay que mirar al horizonte y afrontar las dificultades con tenacidad y confianza". | |
| 521 | _aRecomendado para niños de 6 a 9 años | ||
| 700 | 1 |
_aVaz de Carvalho, João _d1958- _eill |
|
| 082 | 0 | 4 |
_a863.6 _bC186e |
| 650 | 1 | 4 |
_aCuentos infantiles argentinos _ySiglo XX |
| 650 | 1 | 4 |
_aLiteratura infantil argentina _ySiglo XX |
| 650 | 1 | 4 | _aVida cotidiana en la literatura |
| 650 | 1 | 4 | _aFamilia en la literatura |
| 650 | 1 | 4 | _aNiños en la literatura |
| 942 |
_2ddc _h863.6 C186e _k863.6 _mC186e |
||
| 999 |
_c14877 _d14877 |
||